El humorismo en el español hablado

Saved in:
Bibliografiske detaljer
Hovedforfatter: Beinhauer, Werner (Author)
Format: Bog
Sprog:spansk
Udgivet: Madrid Gredos 1973
Serier:Biblioteca Románica Hispánica Estudios y Ensayos
Fag:
Tags: Tilføj Tag
Ingen Tags, Vær først til at tagge denne postø!

MARC

LEADER 00000nam a2200000 a 4500
001 UCP7540
003 CL-VaPUC
008 991217e19730000SP |||||||||||||||||spa|d
082 0 4 |a 867  |b BEI  |2 21 
100 0 |a Beinhauer, Werner  |e author  |9 436972 
245 1 3 |a El humorismo en el español hablado 
300 |a 268 p 
942 |c BK 
945 |d 19991217 00:00:00  |a rherrera 
260 |a Madrid  |b Gredos  |c 1973 
650 7 |a HUMORISMO  |2 CL-VaPUC  |9 265588 
650 0 |a Ensayos  |9 268724 
650 0 |a Literatura española  |9 306261 
651 0 |a España  |9 254926 
583 |a last modification  |c 19991217 00:00:00  |k Rodrigo Vera 
490 0 |a Biblioteca Románica Hispánica Estudios y Ensayos 
999 |c 284663  |d 284661 
952 |0 0  |1 0  |4 0  |6 867_000000000000000_BEI_1973  |7 0  |8 A  |9 328833  |a BIBHIS  |b BIBHIS  |d 2019-11-20  |i 1378880  |o 867 BEI 1973  |p 1378880  |r 2025-01-20  |w 2019-11-20  |y BK  |k HIS 
952 |0 0  |1 0  |4 0  |6 867_000000000000000_BEI_1973  |7 0  |8 A  |9 328834  |a BIBEDU  |b BIBEDU  |d 2019-11-20  |i 3811913  |o 867 BEI 1973  |p 3811913  |r 2019-11-20  |w 2019-11-20  |y BK  |k LIT